Countries With Over 50 Million People On a Disappearing Map - Statistics

General Stats
  • This quiz has been taken 978 times
  • The average score is 26 of 28
Answers on the Map
Answers color-coded by a green-red scale on the quiz's map according to % correct below.
 
Answer Stats
Country % Correct
United States
100%
Brazil
99%
China
99%
India
99%
Mexico
99%
Russia
99%
France
98%
United Kingdom
98%
Germany
97%
Japan
97%
Italy
96%
Egypt
95%
Indonesia
95%
Iran
95%
South Africa
95%
Pakistan
94%
Democratic Republic of the Congo
93%
Nigeria
93%
Turkey
92%
Colombia
91%
Vietnam
91%
Thailand
89%
Philippines
88%
South Korea
88%
Ethiopia
87%
Bangladesh
85%
Myanmar
80%
Tanzania
78%
No matching quizzes found
Score Distribution
Percent of People with Each Score
Percentile by Number Answered
Your Score History
You have not taken this quiz